000 00301pab a2200133 454500
008 180718b xxu||||| |||| 00| 0 eng d
100 _aPatel, I.G.
245 _aFreedom from foreign debt
650 _a Foreign Debt
650 _a Debt
650 _aForeign Credit
773 _aJanata
909 _a23025
999 _c23025
_d23025